Profile: Bilbo Baggins Quiz Stats

 Plays Quiz Updated Jan 27, 2018

Challenge
Share
Tweet
Embed
Score 0/24 Timer 08:00
0 Plays Today
Hint Answer % Correct
RaceHobbit
98.9%
Wizard friendGandalf the Grey
92.5%
Distant cousin he considered to be his nephewFrodo Baggins
91.8%
Total number of dwarves in the quest13
89.2%
Magical object he found in the goblin cavesThe One Ring
88.8%
Creature he stumped with a riddleGollum
88.3%
Dragon he outwittedSmaug
87.4%
Region where he livedThe Shire
86.4%
HometownHobbiton
74.8%
Sword he found in a troll caveSting
73.6%
Dwarf king he helped to recover his treasureThorin Oakenshield
73.4%
His home (hole in the ground)Bag End
71.2%
Hint Answer % Correct
Battle he fought in beside men, elves, and dwarvesBattle of Five Armies
70.2%
MemoirThere and Back Again
67.6%
Mountain in which he met the dragonLonely Mountain
66.7%
Famous gem he stole from the mountain's treasureArkenstone
59.5%
Forest in which he saved the dwarves from spidersMirkwood
58.7%
Age when he embarked on his unexpected journey50
57.2%
Rival family of cousinsSackville-Baggins
48.8%
Grandfather who he surpassed as being the oldest hobbitGerontius 'Old Took'
47.6%
Location from which he departed Middle-earthGrey Havens
43.8%
Age when he passed to the Undying Lands131
42.4%
MotherBelladonna Took
23%
FatherBungo Baggins
22.1%

You're not logged in!

Compare scores with friends on all Sporcle quizzes.
OR
Log In

You Might Also Like...

Show Comments

Extras

Top Quizzes Today


Score Distribution

Your Account Isn't Verified!

In order to create a playlist on Sporcle, you need to verify the email address you used during registration. Go to your Sporcle Settings to finish the process.

Report this User

Report this user for behavior that violates our Community Guidelines.

Details: